00353nam a2200145Ia 4500001000500000005001700005008004100022041000800063082001300071100003400084245004500118300002800163650000800191654000800199352520260306145650.0260306t9999||||xx |||||||||||||| ||spa|| aESP a287bC28 aCardó Franco, AndréseAUT 0aLa iglesia y la educación en el Perú a186 páginas :c23 cm. aGEN aCHU